Multiple Choice City Quiz - Kansas City - Statistics

General Stats
  • This quiz has been taken 25 times
  • The average score is 7 of 10
Answer Stats
Question Answer % Correct
Kansas City is known for this 4-time Super Bowl winning football team, who most recently won in 2024: Kansas City Chiefs
94%
Although there is a smaller counterpart in Kansas, which state is Kansas City primarily located in? Missouri
94%
Kansas City is known for its distinct style of which type of food? Barbecue
88%
Kansas City is famous for having more ______ than any city except Rome. Water fountains
88%
What famous U.S. president is from the Kansas City area? Harry S. Truman
75%
What is the name of Kansas City's major jazz and blues district? 18th & Vine
69%
What two rivers meet in Kansas City? Missouri River and Kansas River
69%
What is the name of the famous shopping and entertainment district modeled after Spanish architecture? The Plaza
69%
Which famous animation company founder(s) started his career in Kansas City? Walt Disney
56%
Kansas City is home to the largest ______ in the world. World War I Museum
44%
No matching quizzes found
Score Distribution
Percent of People with Each Score
Percentile by Number Answered
Your Score History
You have not taken this quiz